Land vs. Land #79 - Statistiken

Allgemein
  • Dieses Quiz wurde 16 mal gespielt
  • Das Durchschnittsergebnis liegt bei 13 aus 14
Antwortstatistiken
Frage Antwort % Korrekt
...Fläche? Mexiko🇲🇽
100%
...Einwohner? Mexiko🇲🇽
100%
...Militär? Mexiko🇲🇽
100%
...Bruttoinlandsprodukt pro Kopf? Slowenien🇸🇮
100%
...Beschäftigungsquote? Slowenien🇸🇮
100%
...Gesundheitswesen? Slowenien🇸🇮
100%
...Frieden? Slowenien🇸🇮
100%
...Lebenserwartung? Slowenien🇸🇮
100%
...durchschnittlicher IQ? Slowenien🇸🇮
100%
...Exportmengen? Mexiko🇲🇽
93%
...HDI (Human Development Index)? Slowenien🇸🇮
93%
...Gewinner? Slowenien🇸🇮
86%
...Bruttoinlandsprodukt? Mexiko🇲🇽
79%
...Happy Planet Index? Mexiko🇲🇽
29%
Keine übereinstimmenden Quizze gefunden
Verteilung der Resultate
Anzahl Personen mit jedem Resultat
Perzentil nach korrekt beantworteten Fragen
Ihre Resultats-Entwicklung
Sie haben dieses Quiz noch nicht gespielt